Valparaíso y los armadores chilenos

Αποθηκεύτηκε σε:
Λεπτομέρειες βιβλιογραφικής εγγραφής
Συγγραφή απο Οργανισμό/Αρχή: Asociación Nacional de Armadores (Συγγραφέας)
Μορφή: Βιβλίο
Γλώσσα:Ισπανικά
Έκδοση: Valparaíso Ediciones Universitarias de Valparaíso 1989
Έκδοση:1a. ed
Θέματα:
Ετικέτες: Προσθήκη ετικέτας
Δεν υπάρχουν, Καταχωρήστε ετικέτα πρώτοι!

MARC

LEADER 00000nam a2200000 a 4500
001 UCJ6830
003 CL-VaPUC
008 070124e19890000CL |||||||||||||||||spa|d
082 0 4 |a 983  |b ASO  |2 21 
110 2 |a Asociación Nacional de Armadores  |e author  |9 514223 
245 1 0 |a Valparaíso y los armadores chilenos 
250 |a 1a. ed 
300 |a 97 p 
651 0 |a Valparaíso, Chile  |9 261144 
942 |c BK 
945 |d 20070124 00:00:00  |a rinostro 
260 |a Valparaíso  |b Ediciones Universitarias de Valparaíso  |c 1989 
500 |a Iconografía, ilustraciones y mapas sin indizar 
600 0 7 |a EYZAGUIRRE, AGUSTIN  |2 CL-VaPUC  |9 514224 
600 0 7 |a PASTENE, JUAN BAUTISTA  |2 CL-VaPUC  |9 448728 
600 0 7 |a SANTIAGUILLO  |2 CL-VaPUC  |9 448727 
650 0 |a Marina mercante   |9 255383 
650 0 |a Transporte marítimo  |9 260127 
650 0 |a Ilustraciones  |9 369481 
650 0 |a Iconografía   |9 267998 
650 0 |a Mapas  |9 260844 
650 7 |a CHANGOS  |2 CL-VaPUC  |9 504500 
583 |a last modification  |c 20070124 00:00:00  |k Rodrigo Vera 
999 |c 322932  |d 322930 
952 |0 0  |1 0  |4 0  |6 983_000000000000000_ASO_1989  |7 0  |8 X  |9 402100  |a FDOBUD  |b FDOBUD  |d 2019-11-22  |i 1053639  |o 983 ASO 1989  |p 1053639  |r 2019-11-22  |w 2019-11-22  |y BK_X  |k BUD